La figlia di Iorio : (Record no. 17484)
[ view plain ]
| 000 -CABECERA | |
|---|---|
| campo de control de longitud fija | 00676cam a2200205 a 4500 |
| 001 - NÚMERO DE CONTROL | |
| campo de control | 000017960 |
| 005 - FECHA Y HORA DE LA ÚLTIMA TRANSACCIÓN | |
| campo de control | 20200929165309.0 |
| 008 - DATOS DE LONGITUD FIJA--INFORMACIÓN GENERAL | |
| campo de control de longitud fija | 870505s1965 it 000 0 ita d |
| 040 ## - FUENTE DE LA CATALOGACIÓN | |
| Centro catalogador/agencia de origen | DO-SdBNP |
| Lengua de catalogación | ita |
| Centro/agencia transcriptor | LC |
| Centro/agencia modificador | BNPHU |
| 050 00 - SIGNATURA TOPOGRÁFICA DE LA BIBLIOTECA DEL CONGRESO | |
| Número de clasificación | PQ4803 |
| Número de documento/Ítem | .F46 1967 |
| 082 ## - NÚMERO DE LA CLASIFICACIÓN DECIMAL DEWEY | |
| Número de clasificación | nn* |
| Número de documento/Ítem | D188f |
| 049 ## - FONDOS LOCALES (OCLC) | |
| Fondos de biblioteca | BNGR |
| 100 1# - ENTRADA PRINCIPAL--NOMBRE DE PERSONA | |
| Nombre de persona | D'Annunzio, Gabriele, |
| Fechas asociadas al nombre | 1863-1938 |
| 9 (RLIN) | 38942 |
| 245 13 - MENCIÓN DE TÍTULO | |
| Título | La figlia di Iorio : |
| Resto del título | tragedia pastorale in tre atti / |
| Mención de responsabilidad, etc. | Gabriele D'Annunzio. |
| 260 ## - PUBLICACIÓN, DISTRIBUCIÓN, ETC. | |
| Lugar de publicación, distribución, etc. | [Milano] : |
| Nombre del editor, distribuidor, etc. | A. Mondadori, |
| Fecha de publicación, distribución, etc. | 1965. |
| 300 ## - DESCRIPCIÓN FÍSICA | |
| Extensión | 123, [5] p. ; |
| Dimensiones | 21 cm. |
| 490 1# - MENCIÓN DE SERIE | |
| Mención de serie | Opere scelte di Gabriele d'Annunzio, |
| Designación de volumen o secuencia | 3 |
| 830 #0 - PUNTO DE ACCESO ADICIONAL DE SERIE-TÍTULO UNIFORME | |
| Título uniforme | Opere scelte di Gabriele d'Annunzio, |
| Designación de volumen o secuencia | 3 |
| 9 (RLIN) | 38943 |
| 910 ## - DATOS DE OPCIÓN DEL USUARIO (OCLC) | |
| Datos de opción del usuario | Catalogación derivada |
| Estado de retiro | Estado de pérdida | Restricciones de uso | No para préstamo | Código de colección | Localización permanente | Ubicación/localización actual | Ubicación en estantería | Fecha de adquisición | Número de inventario | Total de préstamos | Signatura topográfica completa | Código de barras | Fecha visto por última vez | Precio válido a partir de | Tipo de ítem Koha |
|---|---|---|---|---|---|---|---|---|---|---|---|---|---|---|---|
| Monografías: Libros y Folletos | General | General | En catalogación | 07.04.2010 | LF1 | nn* D188f | 17960-10 | 25.06.2020 | 25.06.2020 | Préstamo en sala |
